Odhad elasticity substitúcie vstupov v slovenskej ekonomike
Odhad priemernej agregovanej elasticity substitúcie medzi prácou a kapitálom v slovenskej ekonomike. Význam pre tvorcov hospodárskej politiky.
Salvato in:
| Autore principale: | |
|---|---|
| Altri autori: | , |
| Natura: | Capitolo di libro |
| Lingua: | slovacco |
| Soggetti: | |
| Tags: |
Nessun Tag, puoi essere il primo ad aggiungerne!!
|
MARC
| LEADER | 00000naa a2200000 4500 | ||
|---|---|---|---|
| 001 | 0261161 | ||
| 005 | 20240502083748.5 | ||
| 041 | 0 | |a slo | |
| 044 | |a CZ | ||
| 245 | 1 | 0 | |a Odhad elasticity substitúcie vstupov v slovenskej ekonomike |c Karol Szomolányi, Martin Lukáčik, Adriana Lukáčiková |
| 520 | |a Odhad priemernej agregovanej elasticity substitúcie medzi prácou a kapitálom v slovenskej ekonomike. Význam pre tvorcov hospodárskej politiky. | ||
| 610 | 2 | 0 | |a kapitál |
| 610 | 2 | 0 | |a práca |
| 610 | 2 | 0 | |a funkcie nákladové |
| 610 | 2 | 0 | |a šoky hospodárske |
| 610 | 2 | 0 | |a Slovensko |
| 100 | 1 | |a Szomolányi, Karol, 1976- | |
| 700 | 1 | |a Lukáčik, Martin, 1974- | |
| 700 | 1 | |a Lukáčiková, Adriana, 1971- | |